00651nam a2200193 a 450000100060000000300090000600800410001502000150005604000280007108200140009910000250011324500930013826000310023130000110026249000470027350500930032065000290041365000150044215323CO-ViMGA141112s2004 ck r 000 u spa d a9589289002 aCO-ViMGAbspacCO-ViMGA04a463 S375c1 aSerna M., J. Alberto10aCómo consultar tecnicamente los diccionarios y como definir correctamente las palabras aBogotá, cIdioma, c1999 a202.p. aLexicografía, ortografía y redacción aCómo consultar tecnicamente los diccionarios Cómo definir correctamente las palabras14aESPAÑOL - LEXICOGRAFIA14aORTOGRAFIA